000 00428ntaaa2200169 4500
003 01
005 20251027201600.0
008 0714s1973 ag 01
040 _aAR-BaBN
_bspa
_cAR-BaBN
_eaacr
_dRIC
082 _a230.0000 M91
100 _aMullins, Edgar Young
245 _aFreedom and Authority in Religion
250 _a1 ed. :
_bGriffith and Rowland Press,
_cc/913
300 _a410 p.
650 _aTeologĂ­a
942 _cBK
999 _c10441
_d10441